[Event "Moscow op-A 13th"]
[Site "Moscow"]
[Date "2017.02.03"]
[Round "7"]
[White "Hakobyan, Hovhannes H"]
[Black "Solovjev, Nikolay"]
[Result "1-0"]
[WhiteElo "2103"]
[BlackElo "2327"]
[PlyCount "37"]
[EventDate "2017.01.28"]
[EventType "swiss"]
[EventRounds "9"]
[EventCountry "RUS"]
[SourceTitle "EXT 2018"]
[Source "ChessBase"]
[SourceDate "2017.10.13"]
[SourceVersion "1"]
[SourceVersionDate "2017.10.13"]
[SourceQuality "1"]

1. e4 c5 2. Nf3 a6 3. Nc3 b5 4. d4 e6 5. d5 Bb7 6. Bg5 Qc7 7. Be2 e5 8. a4 b4 9. Nb1 a5 10. Nbd2 d6 11. Bb5+ Nd7 12. Nc4 h6 13. Nfxe5 dxe5 14. d6 Bxd6 15. Qxd6 Rc8 16. Qxc7 Rxc7 17. Nd6+ Kf8 18. Bd8 Rc8 19. Nxb7 1-0

[Event "Moscow op-A 13th"]
[Site "Moscow"]
[Date "2017.02.01"]
[Round "5"]
[White "Zherebtsova, Alexandra"]
[Black "Solovjev, Nikolay"]
[Result "1-0"]
[WhiteElo "2137"]
[BlackElo "2327"]
[PlyCount "37"]
[EventDate "2017.01.28"]
[EventType "swiss"]
[EventRounds "9"]
[EventCountry "RUS"]
[SourceTitle "EXT 2018"]
[Source "ChessBase"]
[SourceDate "2017.10.13"]
[SourceVersion "1"]
[SourceVersionDate "2017.10.13"]
[SourceQuality "1"]

1. d4 Nf6 2. Nf3 g6 3. c4 Bg7 4. Nc3 d6 5. e4 0-0 6. h3 c5 7. d5 e6 8. Bd3 exd5 9. exd5 Re8+ 10. Be3 Nbd7 11. 0-0 a6 12. a4 Rb8 13. Qd2 Nf8 14. Rfe1 Qc7 15. Bg5 Bd7 16. Rxe8 Bxe8 17. Re1 b5 18. axb5 axb5 19. cxb5 1-0

[Event "Moscow op-A 13th"]
[Site "Moscow"]
[Date "2017.01.31"]
[Round "4"]
[White "Solovjev, Nikolay"]
[Black "Sorokin, Aleksey"]
[Result "0-1"]
[WhiteElo "2327"]
[BlackElo "2434"]
[PlyCount "52"]
[EventDate "2017.01.28"]
[EventType "swiss"]
[EventRounds "9"]
[EventCountry "RUS"]
[SourceTitle "EXT 2018"]
[Source "ChessBase"]
[SourceDate "2017.10.13"]
[SourceVersion "1"]
[SourceVersionDate "2017.10.13"]
[SourceQuality "1"]

1. d4 Nf6 2. Bf4 g6 3. e3 Bg7 4. Nf3 0-0 5. Be2 d6 6. h3 b6 7. 0-0 Bb7 8. c4 c5 9. Nc3 cxd4 10. exd4 d5 11. Ne5 dxc4 12. Bxc4 Nc6 13. Qa4 Rc8 14. Rfd1 Na5 15. Be2 a6 16. d5 b5 17. Qb4 Nxd5 18. Nxd5 Bxd5 19. a4 Nc4 20. Nxc4 bxc4 21. Rdc1 a5 22. Qb5 e6 23. Bxc4 Qf6 24. Bd6 Rxc4 25. Rxc4 Bxc4 26. Qxc4 Rd8 0-1

[Event "RUS-Cup07"]
[Site "Togliatti"]
[Date "2001.08.16"]
[Round "9"]
[White "Solovjev, Nikolay"]
[Black "Vorobiov, Evgeny E"]
[Result "0-1"]
[WhiteElo "2166"]
[BlackElo "2503"]
[PlyCount "54"]
[EventDate "2001.08.08"]
[EventType "swiss"]
[EventRounds "9"]
[EventCountry "RUS"]
[SourceTitle "CBM 083 Extra"]
[Source "ChessBase"]
[SourceDate "2001.09.11"]
[SourceVersion "1"]
[SourceVersionDate "2001.09.11"]
[SourceQuality "1"]

1. e4 c5 2. Nf3 e6 3. d4 cxd4 4. Nxd4 Nc6 5. Nc3 Qc7 6. Be3 a6 7. Qd2 Nf6 8. f3 d6 9. g4 Nd7 10. 0-0-0 Nde5 11. Qe2 Na5 12. f4 Nec4 13. Bf2 Bd7 14. Be1 Rc8 15. Nb1 e5 16. Nb3 Bxg4 17. Qxg4 Ne3 18. Qxc8+ Qxc8 19. Rd2 Nxb3+ 20. axb3 exf4 21. Bd3 Be7 22. Nc3 Bf6 23. Nd5 Nxd5 24. exd5 0-0 25. Rf2 Qc5 26. Rhf1 Qxd5 27. Bd2 b5 0-1

[Event "RUS-Cup07"]
[Site "Togliatti"]
[Date "2001.08.13"]
[Round "6"]
[White "Nikitin, Andrey"]
[Black "Solovjev, Nikolay"]
[Result "1/2-1/2"]
[WhiteElo "2535"]
[BlackElo "2166"]
[PlyCount "51"]
[EventDate "2001.08.08"]
[EventType "swiss"]
[EventRounds "9"]
[EventCountry "RUS"]
[SourceTitle "CBM 083 Extra"]
[Source "ChessBase"]
[SourceDate "2001.09.11"]
[SourceVersion "1"]
[SourceVersionDate "2001.09.11"]
[SourceQuality "1"]

1. d4 Nf6 2. c4 g6 3. Nc3 Bg7 4. e4 d6 5. Be2 0-0 6. Nf3 e5 7. Be3 Ng4 8. Bg5 f6 9. Bh4 Nc6 10. d5 Ne7 11. Nd2 h5 12. h3 Nh6 13. g4 hxg4 14. hxg4 Nf7 15. Qc2 c5 16. 0-0-0 Bd7 17. Rdf1 a6 18. Bg3 Bh6 19. f4 exf4 20. Bxf4 Bxf4 21. Rxf4 Kg7 22. Nd1 Ne5 23. Ne3 g5 24. Rf2 Rh8 25. Rxh8 Qxh8 26. Ndf1 1/2-1/2

[Event "RUS-Cup07"]
[Site "Togliatti"]
[Date "2001.08.11"]
[Round "4"]
[White "Solovjev, Nikolay"]
[Black "Sidorov, Anatoly"]
[Result "1-0"]
[WhiteElo "2166"]
[BlackElo "2370"]
[PlyCount "43"]
[EventDate "2001.08.08"]
[EventType "swiss"]
[EventRounds "9"]
[EventCountry "RUS"]
[SourceTitle "CBM 083 Extra"]
[Source "ChessBase"]
[SourceDate "2001.09.11"]
[SourceVersion "1"]
[SourceVersionDate "2001.09.11"]
[SourceQuality "1"]

1. e4 c5 2. Nf3 d6 3. d4 cxd4 4. Nxd4 Nf6 5. Nc3 Nc6 6. Bc4 e6 7. Be3 Be7 8. Qe2 0-0 9. 0-0-0 a6 10. Bb3 Qe8 11. Rhg1 Nd7 12. g4 Nc5 13. g5 Nxd4 14. Bxd4 b5 15. Qh5 Bd7 16. Bf6 Kh8 17. Rg4 Bxf6 18. gxf6 g5 19. Rxg5 Rg8 20. Rxd6 Nxb3+ 21. axb3 Ra7 22. e5 1-0

[Event "RUS-Cup07"]
[Site "Togliatti"]
[Date "2001.08.09"]
[Round "2"]
[White "Solovjev, Nikolay"]
[Black "Burmakin, Vladimir"]
[Result "1/2-1/2"]
[WhiteElo "2166"]
[BlackElo "2593"]
[PlyCount "72"]
[EventDate "2001.08.08"]
[EventType "swiss"]
[EventRounds "9"]
[EventCountry "RUS"]
[SourceTitle "CBM 083 Extra"]
[Source "ChessBase"]
[SourceDate "2001.09.11"]
[SourceVersion "1"]
[SourceVersionDate "2001.09.11"]
[SourceQuality "1"]

1. e4 c6 2. d4 d5 3. Nd2 dxe4 4. Nxe4 Nd7 5. Ng5 Ndf6 6. Bc4 e6 7. Qe2 Qxd4 8. N1f3 Qd8 9. Ne5 Nh6 10. Bd2 Nd5 11. 0-0-0 Bd6 12. Rhe1 Bxe5 13. Qxe5 f6 14. Qd4 Nf5 15. Qg4 e5 16. Bd3 h5 17. Qf3 Nfe7 18. h3 Qc7 19. c4 fxg5 20. Bxg5 Be6 21. cxd5 cxd5+ 22. Kb1 e4 23. Bb5+ Nc6 24. Qa3 Kf7 25. f3 Rhe8 26. fxe4 dxe4 27. Rd6 Kg8 28. Rxe6 Rxe6 29. Bc4 Qe5 30. Qe3 Kh7 31. Bf4 Qf6 32. Bxe6 Qxe6 33. Qxe4+ Qxe4+ 34. Rxe4 Kg6 35. g4 hxg4 36. hxg4 Rd8 1/2-1/2